000 00448nam a2200169Ia 4500
005 20240823053754.0
008 240823s9999||||xx |||||||||||||| ||und||
041 _aENGLISH
082 _A629.222 P5
100 _a"Emadi, Ali Ed."
245 0 _aHandBook of Automotive Power Electronics and Motor Drives
250 _a1st
260 _bTaylor & Fr
500 _aTRANSFERED
650 _aAutomotive Power
_bAutomobile Engineering
942 _cBK
999 _c224918
_d224918